000
00333nam a22001457a 4500
008
210310b ||||| |||| 00| 0 eng d
020
_a
08008913913
041
_a
eng
080
_2
2nd
_a
615.83
082
_2
2nd
_a
615.83
100
_a
8
101
_a
EGZ
245
_a
Physically Handicapped Children
_c
Bleck,E.E
942
_2
udc
_c
BK
999
_c
56139
_d
56139